| 000 | 01059cam a2200229 4500 | ||
|---|---|---|---|
| 001 | X111175 | ||
| 008 | 000000n2001 000 0 eng u | ||
| 035 | _a(Sirsi) u111175 | ||
| 100 | _aMurdoch, J. | ||
| 245 | 4 | _aThe effects of effective cause | |
| 260 | _c2001 | ||
| 490 |
_aEstates Gazette _v(0108) 24 February 2001, 158-159(2) |
||
| 520 | _aSome agents have been critical of the decision in "Lady Manor Ltd v Fat Cat Cafe Bars" (West London County Court, Abs64439) and the endorsement of its outcome by John Murdoch This article reasserts the author's position, and outlines the facts of the case, in which it was judged an agent must be the effective cause of the sale of a property to secure introductory fees (see also "Estates Gazette" (0049) 9 December 2000, 117(1)). | ||
| 590 | _aABS | ||
| 650 | _aLADY MANOR LTD V FAT CAT CAFE BARS | ||
| 650 | _aESTATE AGENTS' COMMISSION | ||
| 650 | _aINTRODUCTORY FEES | ||
| 650 | _aEFFECTIVE CAUSE | ||
| 650 | _aEGAN LAWSON LTD V STANDARD LIFE ASSURANCE CO | ||
| 690 | _aPROPERTY | ||
| 942 | _n0 | ||
| 999 |
_c66228 _d66228 |
||